LEADER 01559nam 2200469 450 001 9910463504003321 005 20200520144314.0 010 $a92-871-7962-X 035 $a(CKB)2670000000574125 035 $a(MiAaPQ)EBC3138803 035 $a(Au-PeEL)EBL3138803 035 $a(CaPaEBR)ebr10984505 035 $a(CaONFJC)MIL655885 035 $a(OCoLC)922998567 035 $a(EXLCZ)992670000000574125 100 $a20141202h20142014 uy 0 101 0 $aeng 135 $aurcnu|||||||| 181 $2rdacontent 182 $2rdamedia 183 $2rdacarrier 200 04$aThe linguistic integration of adult migrants $efrom one country to another, from one language to another 210 1$aStrasbourg, [France] :$cEditions du Conseil de l'Europe,$d2014. 210 4$dİ2014 215 $a1 online resource (58 pages) $cillustrations 311 $a92-871-7871-2 311 $a1-322-24605-X 606 $aLanguage and languages$xStudy and teaching$zEuropean Union countries 606 $aImmigrants$xCultural assimilation$zEuropean Union countries 606 $aSecond language acquisition$xAge factors 608 $aElectronic books. 615 0$aLanguage and languages$xStudy and teaching 615 0$aImmigrants$xCultural assimilation 615 0$aSecond language acquisition$xAge factors. 676 $a418.007104 801 0$bMiAaPQ 801 1$bMiAaPQ 801 2$bMiAaPQ 906 $aBOOK 912 $a9910463504003321 996 $aThe Linguistic Integration of Adult Migrants$91934556 997 $aUNINA LEADER 01035nam0 22002891i 450 001 UON00072591 005 20231205102356.683 010 $a09-07-15135-3 100 $a20020107d1991 |0itac50 ba 101 $aeng 102 $aGB 105 $a|||| ||||| 200 1 $aArab travelers and geographers$fPier Giovanni Donini 210 $aLondon$cImmel$d1991 215 $a107 p., c. di tav.$d26 cm 606 $aGeografia araba$3UONC006163$2FI 606 $aVIAGGIATORI ARABI$3UONC002806$2FI 620 $aGB$dLondon$3UONL003044 676 $a910.92$cGeografi e viaggiatori$v21 700 1$aDONINI$bPier Giovanni$3UONV000332$0130560 712 $aImmel$3UONV257646$4650 801 $aIT$bSOL$c20250314$gRICA 899 $aSIBA - SISTEMA BIBLIOTECARIO DI ATENEO$2UONSI 912 $aUON00072591 950 $aSIBA - SISTEMA BIBLIOTECARIO DI ATENEO$dSI VIII 003 $eSI AA 15841 5 003 996 $aArab travelers and geographers$91159587 997 $aUNIOR